Every City on the Great Lakes on a Map - Statistics

General Stats
  • This quiz has been taken 237 times
  • The average score is 48 of 251
Answers on the Map
Answers color-coded by a green-red scale on the quiz's map according to % correct below.
 
Answer Stats
City Population % Correct
Chicago IL 2,746,388
98%
Toronto ON 2,794,356
96%
Detroit MI 639,111
93%
Cleveland OH 372,624
92%
Cleveland WI 1,579
92%
Buffalo NY 278,349
91%
Milwaukee WI 577,222
89%
Green Bay WI 107,395
85%
Rochester NY 211,328
83%
Toledo OH 270,871
83%
Erie PA 94,831
81%
Duluth MN 86,697
78%
Niagara Falls ON 94,415
78%
Niagara Falls NY 48,671
78%
Windsor ON 229,660
78%
Thunder Bay ON 108,843
77%
Gary IN 69,093
75%
Hamilton ON 569,353
74%
Sault Ste. Marie ON 72,051
74%
Sault Ste. Marie MI 13,337
74%
Mississauga ON 717,961
70%
Kenosha WI 99,986
59%
Traverse City MI 15,678
54%
Sandusky OH 25,095
51%
Marquette MI 20,629
50%
Racine WI 77,816
49%
Kingston ON 132,485
47%
Michigan City IN 32,075
47%
Muskegon MI 38,318
46%
Evanston IL 78,110
44%
Sheboygan WI 49,929
44%
Superior WI 26,751
44%
Waukegan IL 89,321
44%
Hammond IN 77,879
42%
Mackinac Island MI 583
42%
Port Huron MI 28,983
42%
Mackinaw City MI 846
40%
Oshawa ON 175,383
39%
Sarnia ON 72,047
39%
Lorain OH 65,211
33%
St. Catharines ON 136,803
33%
St. Clair MI 5,464
32%
Houghton MI 8,386
30%
Alpena MI 10,197
28%
Oakville ON 213,759
28%
Burlington ON 186,948
27%
East Chicago IN 26,370
27%
Huron OH 6,922
26%
Oswego NY 16,921
26%
Ajax ON 126,666
25%
Benton Harbor MI 9,103
24%
Cheboygan MI 4,770
22%
Escanaba MI 12,450
22%
Monroe MI 20,462
22%
Sturgeon Bay WI 9,646
22%
Manitowoc WI 34,626
21%
Ashtabula OH 17,975
20%
Euclid OH 49,692
20%
Grosse Pointe MI 5,678
20%
North Chicago IL 30,759
20%
St. Clair Shores MI 58,874
20%
Ashland WI 7,908
19%
Belleville ON 55,071
19%
Lakewood OH 50,942
19%
Niagara-on-the-Lake ON 19,088
18%
Pickering ON 99,186
18%
St. Ignace MI 2,306
18%
Grand Haven MI 11,011
17%
Marinette WI 11,119
17%
Menominee MI 8,488
17%
Mentor OH 47,450
17%
Petoskey MI 5,877
17%
Bayfield WI 584
16%
Grand Marais MN 1,337
16%
St. Joseph MI 7,856
16%
Tonawanda NY 15,129
16%
Dunkirk NY 12,743
15%
Highland Park IL 30,176
15%
Lincoln ON 23,787
15%
Owen Sound ON 21,612
15%
South Haven MI 3,964
15%
Whitby ON 138,501
15%
Charlevoix MI 2,348
14%
Fort Erie ON 30,710
14%
Lake Forest IL 19,367
14%
Ludington MI 7,655
14%
Manistee MI 6,259
14%
New Buffalo MI 1,708
14%
Norton Shores MI 25,030
14%
Two Harbors MN 3,633
14%
Essex ON 21,216
13%
Norfolk County ON 73,015
13%
North Tonawanda NY 31,568
13%
South Milwaukee WI 20,795
13%
Wilmette IL 28,170
13%
Wyandotte MI 25,058
13%
Grimsby ON 28,883
12%
Grosse Pointe Shores MI 2,647
12%
Marathon ON 3,138
12%
Midland ON 17,817
12%
Parry Sound ON 6,879
12%
Portage IN 37,926
12%
Port Washington WI 12,353
12%
Saugatuck MI 865
12%
Silver Bay MN 1,857
12%
Whitefish Bay WI 14,954
12%
Grosse Pointe Park MI 11,595
11%
Hancock MI 4,501
11%
Marysville MI 9,997
11%
New Baltimore MI 12,117
11%
Put-In-Bay OH 154
11%
Tawas City MI 1,834
11%
Tecumseh ON 23,300
11%
Trenton MI 18,544
11%
Two Rivers WI 11,271
11%
Whiting IN 4,559
11%
Winnetka IL 12,475
11%
Algonac MI 4,196
10%
Conneaut OH 12,318
10%
Grosse Pointe Farms MI 10,148
10%
Kingsville ON 22,119
10%
LaSalle ON 32,721
10%
Manistique MI 2,828
10%
Munising MI 1,986
10%
North Bay WI 209
10%
Port Colborne ON 20,033
10%
Rogers City MI 2,850
10%
Sister Bay WI 1,148
10%
Zion IL 24,655
10%
Algoma WI 3,243
9%
Cobourg ON 20,519
9%
Collingwood ON 24,811
9%
Cudahy WI 18,204
9%
East Tawas MI 2,663
9%
Egg Harbor WI 358
9%
Frankfort MI 1,252
9%
Goderich ON 7,881
9%
Haldimand County ON 46,216
9%
Howard WI 19,950
9%
Kewaunee WI 2,837
9%
Lake Bluff IL 5,616
9%
L'Anse MI 1,874
9%
Oak Creek WI 36,497
9%
Oconto WI 4,609
9%
Ontonagon MI 1,285
9%
Oregon OH 19,950
9%
Quinte West ON 46,560
9%
River Rouge MI 7,224
9%
Shorewood WI 13,859
9%
Vermilion OH 10,659
9%
Wasaga Beach ON 24,862
9%
Winthrop Harbor IL 6,705
9%
Amherstburg ON 23,524
8%
Avon Lake OH 25,206
8%
Baraga MI 1,883
8%
Caseville MI 352
8%
Douglas MI 1,378
8%
Gladstone MI 5,257
8%
Glencoe IL 8,849
8%
Lackawanna NY 19,949
8%
Luna Pier MI 1,382
8%
Marine City MI 4,079
8%
Northport MI 496
8%
Pentwater MI 890
8%
Plympton-Wyoming ON 8,308
8%
Port Clinton OH 6,025
8%
Port Hope MI 293
8%
Riverview MI 12,490
8%
Rocky River OH 21,755
8%
Suamico WI 12,820
8%
Washburn WI 2,051
8%
Willoughby OH 23,959
8%
Au Gres MI 945
7%
Blind River ON 3,422
7%
Burns Harbor IN 1,156
7%
Eastlake OH 17,670
7%
Elk Rapids MI 1,529
7%
Empire MI 362
7%
Ephraim WI 345
7%
Ferrysburg MI 2,952
7%
Geneva-on-the-Lake OH 916
7%
Gibraltar MI 4,997
7%
Harbor Beach MI 1,604
7%
Harbor Springs MI 1,274
7%
Harrisville MI 437
7%
Kenilworth IL 2,514
7%
Lakeside OH 668
7%
Mequon WI 25,142
7%
Michiana MI 200
7%
Point Edward ON 2,037
7%
Port Austin MI 622
7%
Prince Edward County ON 25,704
7%
Sheffield Lake OH 8,957
7%
Spanish ON 670
7%
Suttons Bay MI 613
7%
Wind Point WI 1,651
7%
Bay Village OH 16,163
6%
Beverly Shores IN 599
6%
Bridgman MI 2,096
6%
Bruce Mines ON 582
6%
Caledonia WI 25,361
6%
Dune Acres IN 234
6%
Ecorse MI 9,305
6%
Gore Bay ON 808
6%
Hilton Beach ON 198
6%
Lewiston NY 15,944
6%
Lexington MI 943
6%
Mt. Pleasant WI 27,732
6%
Porter IN 5,210
6%
Port Sanilac MI 567
6%
Silver Creek NY 2,637
6%
Sodus Point NY 822
6%
South Bruce Peninsula ON 9,137
6%
St. Francis WI 9,161
6%
The Blue Mountains ON 7,025
6%
Youngstown NY 1,935
6%
Bay View OH 608
5%
Bratenahl OH 1,430
5%
De Tour Village MI 263
5%
Elberta MI 329
5%
Fair Haven NY 760
5%
Fox Point WI 6,934
5%
Garden MI 174
5%
Greater Napanee ON 16,879
5%
Kelleys Island OH 256
5%
Lake City PA 2,936
5%
Lakeshore ON 40,410
5%
Long Beach IN 1,179
5%
North Kingsville OH 2,742
5%
Ogden Dunes IN 1,168
5%
Penetanguishene ON 8,962
5%
Pleasant Prairie WI 21,250
5%
Sackets Harbor NY 1,450
5%
Sebewaing MI 1,721
5%
Shoreham MI 844
5%
Willowick OH 14,204
5%
Bayside WI 4,482
4%
Deseronto ON 1,747
4%
Estral Beach MI 403
4%
Fairport Harbor OH 3,108
4%
Forestville MI 104
4%
Grand Beach MI 310
4%
Mentor-on-the-Lake OH 7,131
4%
North Perry OH 915
4%
Saugeen Shores ON 15,908
4%
Somers WI 8,402
4%
Wilson NY 5,993
4%
Cape Vincent NY 2,765
3%
Chaumont NY 624
3%
Lakeline OH 216
3%
Marblehead OH 865
3%
No matching quizzes found
Score Distribution
Percent of People with Each Score
Percentile by Number Answered
Your Score History
You have not taken this quiz